Olympic Countries - Statistics

General Stats
  • This quiz has been taken 535 times
    386 since last reset
  • The average score is 123 of 206
Answer Stats
abbr country % Correct
AFG Afghanistan
95%
ALB Albania
92%
ALG Algeria
92%
GER Germany
92%
AND Andorra
91%
AUS Australia
88%
ANG Angola
85%
ARG Argentina
85%
ARM Armenia
85%
AUT Austria
85%
BOL Bolivia
81%
BUL Bulgaria
81%
BRA Brazil
80%
DEN Denmark
80%
BAH Bahamas
79%
CHN China
79%
AZE Azerbaijan
78%
BEL Belgium
78%
CAN Canada
78%
EGY Egypt
78%
USA United States
78%
CYP Cyprus
77%
FIJ Fiji
77%
FIN Finland
77%
FRA France
77%
GHA Ghana
77%
BLR Belarus
76%
CMR Cameroon
76%
CUB Cuba
76%
ECU Ecuador
76%
ETH Ethiopia
76%
ESP Spain
76%
UAE United Arab Emirates
76%
EST Estonia
75%
HUN Hungary
75%
ITA Italy
75%
JAM Jamaica
75%
JPN Japan
75%
CRO Croatia
74%
ISR Israel
74%
KEN Kenya
74%
LAO Laos
74%
LAT Latvia
74%
DOM Dominican Republic
73%
IND India
73%
IRQ Iraq
73%
JOR Jordan
73%
RSA South Africa
73%
BHU Bhutan
72%
BOT Botswana
72%
COL Colombia
72%
GAB Gabon
72%
GAM Gambia
72%
GBR Great Britain
72%
HKG Hong Kong
72%
KUW Kuwait
72%
LUX Luxembourg
72%
NGR Nigeria
72%
NOR Norway
72%
DJI Djibouti
71%
NIG Niger
71%
PAK Pakistan
71%
RUS Russia
71%
ERI Eritrea
70%
GUY Guyana
70%
OMA Oman
70%
UGA Uganda
70%
HAI Haiti
69%
HON Honduras
69%
IRL Ireland
69%
KOS Kosovo
69%
MEX Mexico
69%
NZL New Zealand
69%
POL Poland
69%
QAT Qatar
69%
RWA Rwanda
69%
UZB Uzbekistan
69%
ANT Antigua and Barbuda
68%
LTU Lithuania
68%
NED Netherlands
68%
ARU Aruba
67%
BAR Barbados
67%
BRU Brunei
67%
GRE Greece
67%
NAM Namibia
67%
NEP Nepal
67%
GUI Guinea
66%
LBR Liberia
66%
POR Portugal
66%
KOR South Korea
66%
KAZ Kazakhstan
65%
LIE Liechtenstein
65%
MOZ Mozambique
65%
CAM Cambodia
64%
CGO Congo
64%
PER Peru
64%
BAN Bangladesh
63%
GEO Georgia
63%
LES Lesotho
63%
PAN Panama
63%
PAR Paraguay
63%
CHI Chile
62%
COM Comoros
62%
IRI Iran
62%
MAD Madagascar
62%
MGL Mongolia
62%
SRB Serbia
62%
SVK Slovakia
62%
SWE Sweden
62%
BEN Benin
61%
CPV Cape Verde
61%
CAY Cayman Islands
61%
BIZ Belize
60%
GRN Grenada
59%
MYA Myanmar
59%
NRU Nauru
59%
SLO Slovenia
59%
SUD Sudan
59%
BRN Bahrain
58%
CZE Czech Republic
58%
INA Indonesia
58%
MAW Malawi
58%
PHI Philippines
58%
ROU Romania
58%
SEY Seychelles
58%
THA Thailand
58%
ISL Iceland
57%
KIR Kiribati
57%
SUR Suriname
57%
SUI Switzerland
57%
SYR Syria
57%
SEN Senegal
56%
SOM Somalia
56%
LBA Libya
55%
MLT Malta
55%
SSD South Sudan
54%
TOG Togo
54%
TUN Tunisia
54%
UKR Ukraine
54%
ZIM Zimbabwe
54%
BER Bermuda
53%
DMA Dominica
53%
MLI Mali
53%
NCA Nicaragua
53%
TJK Tajikistan
53%
TUR Turkey
53%
YEM Yemen
53%
ZAM Zambia
53%
KGZ Kyrgyzstan
52%
SRI Sri Lanka
52%
TAN Tanzania
52%
VIE Vietnam
52%
CIV Côte d'Ivoire
51%
SWZ Swaziland
51%
URU Uruguay
51%
VEN Venezuela
51%
GUM Guam
49%
PRK North Korea
49%
GUA Guatemala
48%
MKD Macedonia
48%
SAM Samoa
48%
SIN Singapore
48%
TGA Tonga
48%
BDI Burundi
47%
GBS Guinea-Bissau
47%
MDV Maldives
47%
CAF Central African Republic
46%
TPE Chinese Taipei
46%
TKM Turkmenistan
46%
TUV Tuvalu
46%
KSA Saudi Arabia
45%
VAN Vanuatu
45%
BIH Bosnia and Herzegovina
43%
MON Monaco
42%
FSM Federated States of Micronesia
41%
SOL Solomon Islands
40%
PNG Papua New Guinea
38%
TTO Trinidad and Tobago
38%
BUR Burkina Faso
36%
LIB Lebanon
36%
CHA Chad
35%
GEQ Equatorial Guinea
35%
MDA Moldova
35%
MAR Morocco
35%
PLW Palau
35%
PUR Puerto Rico
35%
COK Cook Islands
33%
CRC Costa Rica
33%
MAS Malaysia
31%
MRI Mauritius
30%
SMR San Marino
30%
MNE Montenegro
29%
PLE Palestine
29%
COD Democratic Republic of the Congo
28%
MTN Mauritania
28%
LCA St Lucia
28%
SKN St Kitts and Nevis
27%
VIN St Vincent and the Grendines
27%
MHL Marshall Islands
23%
ASA American Samoa
20%
IVB British Virgin Islands
19%
ISV US Virgin Islands
17%
ESA El Salvador
15%
STP São Tomé and Príncipe
15%
SLE Sierra Leone
15%
TLS Timor-Leste
15%
No matching quizzes found
Score Distribution
Percent of People with Each Score
Percentile by Number Answered
Your Score History
You have not taken this quiz since the last reset